000 00555nam a2200169 i 4500
001 50198
003 ES-MaACL
005 20230906162135.0
007 t|
008 030801s1930 sp ||||1| spa d
245 0 0 _aCruz Roja Española
_b: organización, servicios y publicaciones.
260 _aMadrid :
_bErnesto Catalá,
_c1930.
300 _a232 p. ;
_c24 cm.
500 _aHomenaje a la XIV Conferencia Internacional que ha de reunirse en Bruselas del 6 al 11 de Octubre 1930.
610 2 4 _aCruz Roja Española.
_93322
852 _aES-MaACL
_jB-5444
999 _c50198
_d50198